[Event "World Youth & Cadets Rapid Championships"]
[Site "Rhodes, Greece"]
[Date "2022.05.01"]
[Round "9.14"]
[White "Dotzer, Lukas"]
[Black "Korelskiy, Egor"]
[Result "0-1"]
[TimeControl "10'/game & 5\"/move"]
[WhiteElo "1618"]
[BlackElo "1822"]

1. e4 {[%clk 00:10:08]} c5 {[%clk 00:10:09]} {[%emt 00:00:02]} 2. Nc3 {[%clk
00:10:12]} {[%emt 00:00:01]} e6 {[%clk 00:10:13]} {[%emt 00:00:02]} 3. Nge2
{[%clk 00:10:14]} {[%emt 00:00:03]} d5 {[%clk 00:10:12]} {[%emt 00:00:05]} 4.
exd5 {[%clk 00:10:16]} {[%emt 00:00:03]} exd5 {[%clk 00:10:16]} {[%emt
00:00:01]} 5. g3 {[%clk 00:10:13]} {[%emt 00:00:07]} d4 {[%clk 00:10:17]}
{[%emt 00:00:03]} 6. Nb1 {[%clk 00:08:54]} {[%emt 00:01:26]} Qd5 {[%clk
00:10:05]} {[%emt 00:00:17]} 7. Rg1 {[%clk 00:08:57]} {[%emt 00:00:02]} Nf6
{[%clk 00:09:55]} {[%emt 00:00:14]} 8. Bg2 {[%clk 00:08:58]} {[%emt 00:00:04]}
Qd8 {[%clk 00:09:58]} {[%emt 00:00:02]} 9. d3 {[%clk 00:08:56]} {[%emt
00:00:08]} Be7 {[%clk 00:09:57]} {[%emt 00:00:06]} 10. Bg5 {[%clk 00:08:44]}
{[%emt 00:00:16]} h6 {[%clk 00:09:55]} {[%emt 00:00:07]} 11. Bxf6 {[%clk
00:08:46]} {[%emt 00:00:04]} Bxf6 {[%clk 00:09:58]} {[%emt 00:00:02]} 12. Nd2
{[%clk 00:08:47]} {[%emt 00:00:04]} O-O {[%clk 00:09:27]} {[%emt 00:00:36]} 13.
Ne4 {[%clk 00:08:39]} {[%emt 00:00:13]} Be7 {[%clk 00:08:58]} {[%emt 00:00:34]}
14. Nf4 {[%clk 00:07:51]} {[%emt 00:00:53]} Re8 {[%clk 00:08:54]} {[%emt
00:00:09]} 15. Kf1 {[%clk 00:07:19]} {[%emt 00:00:38]} Bd7 {[%clk 00:08:10]}
{[%emt 00:00:48]} 16. Qh5 {[%clk 00:06:51]} {[%emt 00:00:32]} Na6 {[%clk
00:04:18]} {[%emt 00:03:58]} 17. a3 {[%clk 00:05:41]} {[%emt 00:01:15]} Bc6
{[%clk 00:04:03]} {[%emt 00:00:20]} 18. Bf3 {[%clk 00:05:10]} {[%emt 00:00:36]}
Bd6 {[%clk 00:02:35]} {[%emt 00:01:33]} 19. Kg2 {[%clk 00:03:28]} {[%emt
00:01:47]} Re5 {[%clk 00:02:10]} {[%emt 00:00:30]} 20. Qh3 {[%clk 00:01:52]}
{[%emt 00:01:41]} Bd7 {[%clk 00:01:41]} {[%emt 00:00:34]} 21. Qh4 {[%clk
00:00:28]} {[%emt 00:01:29]} Be7 {[%clk 00:01:36]} {[%emt 00:00:10]} 22. Qh5
{[%clk 00:00:11]} {[%emt 00:00:22]} Rxh5 {[%clk 00:01:38]} {[%emt 00:00:02]} 23.
Bxh5 {[%clk 00:00:15]} {[%emt 00:00:02]} Bc6 {[%clk 00:01:38]} {[%emt
00:00:06]} 24. Bf3 {[%clk 00:00:16]} {[%emt 00:00:03]} f5 {[%clk 00:01:40]}
{[%emt 00:00:03]} 25. Nd2 {[%clk 00:00:19]} {[%emt 00:00:02]} Bxf3+ {[%clk
00:01:41]} {[%emt 00:00:04]} 26. Nxf3 {[%clk 00:00:23]} {[%emt 00:00:02]} Bd6
{[%clk 00:01:39]} {[%emt 00:00:07]} 27. Ng6 {[%clk 00:00:20]} {[%emt 00:00:07]}
Qe8 {[%clk 00:01:29]} {[%emt 00:00:15]} 28. Nfh4 {[%clk 00:00:18]} {[%emt
00:00:07]} Nc7 {[%clk 00:01:24]} 29. Rae1 {[%clk 00:00:12]} {[%emt 00:00:20]}
Qf7 {[%clk 00:01:24]} 30. Re2 {[%clk 00:00:14]} {[%emt 00:00:09]} Re8 {[%clk
00:01:25]} 31. Rge1 {[%clk 00:00:14]} Rxe2 {[%clk 00:01:28]} {[%emt 00:00:10]}
32. Rxe2 {[%clk 00:00:19]} {[%emt 00:00:01]} f4 {[%clk 00:01:29]} {[%emt
00:00:04]} 33. gxf4 {[%clk 00:00:22]} {[%emt 00:00:03]} Nd5 {[%clk 00:01:31]}
{[%emt 00:00:03]} 34. f5 {[%clk 00:00:15]} {[%emt 00:00:11]} Be7 {[%clk
00:01:32]} {[%emt 00:00:03]} 35. Nf3 {[%clk 00:00:14]} {[%emt 00:00:06]} Qxf5
{[%clk 00:01:30]} {[%emt 00:00:07]} 36. Nge5 {[%clk 00:00:11]} {[%emt
00:00:09]} Nf4+ {[%clk 00:01:33]} {[%emt 00:00:02]} 0-1

[Event "World Youth & Cadets Rapid Championships"]
[Site "Rhodes, Greece"]
[Date "2022.05.01"]
[Round "9.15"]
[White "Erdogmus, Yagiz Kaan"]
[Black "Gloeckler, Christian"]
[Result "1-0"]
[TimeControl "10'/game & 5\"/move"]
[WhiteElo "1442"]
[BlackElo "1497"]

1. e4 {[%clk 00:10:07]} {[%emt 00:00:02]} c5 {[%clk 00:10:09]} {[%emt
00:00:01]} 2. Nf3 {[%clk 00:10:11]} {[%emt 00:00:01]} d6 {[%clk 00:10:14]} 3.
Bb5+ {[%clk 00:10:15]} {[%emt 00:00:02]} Bd7 {[%clk 00:10:13]} {[%emt
00:00:05]} 4. Bxd7+ {[%clk 00:10:17]} {[%emt 00:00:03]} Nxd7 {[%clk 00:10:16]}
{[%emt 00:00:01]} 5. O-O {[%clk 00:10:20]} {[%emt 00:00:03]} Ngf6 {[%clk
00:10:19]} {[%emt 00:00:02]} 6. Re1 {[%clk 00:10:24]} {[%emt 00:00:01]} g6
{[%clk 00:10:23]} {[%emt 00:00:01]} 7. c3 {[%clk 00:10:27]} {[%emt 00:00:02]}
Bg7 {[%clk 00:10:26]} {[%emt 00:00:02]} 8. d4 {[%clk 00:10:31]} {[%emt
00:00:01]} cxd4 {[%clk 00:10:29]} {[%emt 00:00:02]} 9. cxd4 {[%clk 00:10:34]}
{[%emt 00:00:01]} e5 {[%clk 00:10:33]} {[%emt 00:00:02]} 10. dxe5 {[%clk
00:10:00]} {[%emt 00:00:39]} dxe5 {[%clk 00:10:36]} 11. Qd6 {[%clk 00:08:33]}
{[%emt 00:01:33]} Qe7 {[%emt 00:00:08]} 12. Qxe7+ {[%clk 00:08:34]} {[%emt
00:00:01]} Kxe7 {[%clk 00:10:39]} {[%emt 00:00:02]} 13. Nc3 {[%clk 00:08:27]}
{[%emt 00:00:12]} Rhe8 {[%clk 00:10:39]} {[%emt 00:00:05]} 14. Nb5 {[%clk
00:08:14]} {[%emt 00:00:18]} Rec8 {[%clk 00:10:29]} {[%emt 00:00:15]} 15. b3
{[%clk 00:08:15]} {[%emt 00:00:04]} a6 {[%clk 00:09:16]} {[%emt 00:01:18]} 16.
Ba3+ {[%clk 00:08:16]} {[%emt 00:00:05]} Nc5 {[%clk 00:09:19]} {[%emt
00:00:01]} 17. Nc3 {[%clk 00:08:08]} {[%emt 00:00:13]} Nfd7 {[%clk 00:09:13]}
{[%emt 00:00:10]} 18. Nd5+ {[%clk 00:06:06]} {[%emt 00:02:08]} Ke8 {[%clk
00:09:06]} {[%emt 00:00:12]} 19. Rad1 {[%clk 00:05:14]} {[%emt 00:00:56]} f6
{[%clk 00:08:14]} {[%emt 00:00:58]} 20. g4 {[%clk 00:03:19]} {[%emt 00:02:01]}
Ne6 {[%clk 00:06:46]} {[%emt 00:01:32]} 21. Ne3 {[%clk 00:02:57]} {[%emt
00:00:27]} Nf4 {[%clk 00:05:24]} {[%emt 00:01:27]} 22. Nc4 {[%clk 00:02:49]}
{[%emt 00:00:12]} Rc7 {[%clk 00:02:31]} {[%emt 00:02:58]} 23. Nd6+ {[%clk
00:02:00]} {[%emt 00:00:54]} Kd8 {[%clk 00:02:33]} {[%emt 00:00:03]} 24. Kf1
{[%clk 00:01:26]} {[%emt 00:00:39]} h6 {[%clk 00:02:13]} {[%emt 00:00:25]} 25.
h4 {[%clk 00:01:26]} {[%emt 00:00:05]} Bf8 {[%clk 00:02:03]} {[%emt 00:00:15]}
26. g5 {[%clk 00:01:17]} {[%emt 00:00:14]} fxg5 {[%clk 00:01:43]} {[%emt
00:00:25]} 27. hxg5 {[%clk 00:01:00]} {[%emt 00:00:22]} h5 {[%clk 00:01:43]}
{[%emt 00:00:06]} 28. Bb2 {[%clk 00:00:47]} {[%emt 00:00:18]} Bxd6 {[%clk
00:00:56]} {[%emt 00:00:51]} 29. Rxd6 {[%clk 00:00:50]} {[%emt 00:00:02]} Ke7
{[%clk 00:00:42]} {[%emt 00:00:20]} 30. Red1 {[%clk 00:00:46]} {[%emt
00:00:08]} Rf8 {[%clk 00:00:25]} {[%emt 00:00:22]} 31. Rxd7+ {[%clk 00:00:42]}
{[%emt 00:00:09]} Rxd7 {[%clk 00:00:25]} {[%emt 00:00:06]} 32. Ba3+ {[%clk
00:00:46]} Ke6 {[%clk 00:00:16]} {[%emt 00:00:14]} 33. Rxd7 {[%clk 00:00:49]}
{[%emt 00:00:02]} Rc8 {[%clk 00:00:19]} {[%emt 00:00:02]} 34. Re7# {[%clk
00:00:52]} {[%emt 00:00:02]} 1-0

[Event "World Youth & Cadets Rapid Championships"]
[Site "Rhodes, Greece"]
[Date "2022.05.01"]
[Round "9.16"]
[White "Mompel Ferruz, Xavier"]
[Black "Karvatskyi, Oleksii"]
[Result "1-0"]
[TimeControl "10'/game & 5\"/move"]
[WhiteElo "1618"]
[BlackElo "1919"]

1. e4 {[%clk 00:10:08]} c5 {[%clk 00:10:09]} {[%emt 00:00:02]} 2. Nf3 {[%clk
00:10:12]} {[%emt 00:00:01]} Nc6 {[%clk 00:10:12]} {[%emt 00:00:02]} 3. d4
{[%clk 00:10:15]} {[%emt 00:00:02]} cxd4 {[%clk 00:10:14]} {[%emt 00:00:02]} 4.
Nxd4 {[%clk 00:10:19]} {[%emt 00:00:02]} e5 {[%clk 00:10:17]} {[%emt 00:00:02]}
5. Nb5 {[%clk 00:10:22]} {[%emt 00:00:02]} d6 {[%clk 00:10:21]} {[%emt
00:00:01]} 6. N1c3 {[%clk 00:10:25]} {[%emt 00:00:02]} a6 {[%clk 00:10:25]}
{[%emt 00:00:01]} 7. Na3 {[%clk 00:10:29]} {[%emt 00:00:02]} b5 {[%clk
00:10:29]} {[%emt 00:00:01]} 8. Nd5 {[%clk 00:10:32]} Nge7 {[%clk 00:10:32]}
{[%emt 00:00:01]} 9. Be3 {[%clk 00:09:53]} {[%emt 00:00:44]} Nxd5 {[%clk
00:10:34]} {[%emt 00:00:03]} 10. exd5 {[%clk 00:09:56]} {[%emt 00:00:03]} Ne7
{[%clk 00:10:36]} {[%emt 00:00:03]} 11. c4 {[%clk 00:09:39]} {[%emt 00:00:22]}
f5 {[%clk 00:10:26]} {[%emt 00:00:15]} 12. cxb5 {[%clk 00:09:21]} {[%emt
00:00:23]} f4 {[%clk 00:10:28]} {[%emt 00:00:03]} 13. Bc1 {[%clk 00:09:18]}
{[%emt 00:00:07]} Nf5 {[%clk 00:10:10]} {[%emt 00:00:25]} 14. bxa6 {[%clk
00:09:07]} {[%emt 00:00:16]} Qg5 {[%clk 00:09:32]} {[%emt 00:00:42]} 15. Nb5
{[%clk 00:07:45]} {[%emt 00:01:26]} Qe7 {[%clk 00:08:23]} {[%emt 00:01:15]} 16.
Qc2 {[%clk 00:06:48]} {[%emt 00:01:02]} Kd8 {[%clk 00:07:17]} {[%emt 00:01:11]}
17. Bd2 {[%clk 00:06:01]} {[%emt 00:00:52]} Rxa6 {[%clk 00:07:13]} {[%emt
00:00:10]} 18. Rc1 {[%clk 00:05:55]} {[%emt 00:00:09]} Qb7 {[%clk 00:06:46]}
{[%emt 00:00:33]} 19. Bd3 {[%clk 00:05:23]} {[%emt 00:00:37]} Nh4 {[%clk
00:06:34]} {[%emt 00:00:17]} 20. Rg1 {[%clk 00:04:06]} {[%emt 00:01:22]} Bd7
{[%clk 00:06:12]} {[%emt 00:00:28]} 21. Nc7 {[%clk 00:03:40]} {[%emt 00:00:30]}
Rxa2 {[%clk 00:04:46]} {[%emt 00:01:31]} 22. Ne6+ {[%clk 00:03:22]} {[%emt
00:00:24]} Ke7 {[%clk 00:03:28]} {[%emt 00:01:23]} 23. Qc4 {[%clk 00:02:37]}
{[%emt 00:00:48]} Rxb2 {[%clk 00:02:33]} {[%emt 00:01:01]} 24. Ba5 {[%clk
00:02:26]} {[%emt 00:00:15]} Bxe6 {[%clk 00:01:26]} {[%emt 00:01:14]} 25. dxe6
{[%clk 00:02:28]} {[%emt 00:00:02]} Qa7 {[%clk 00:01:16]} {[%emt 00:00:15]} 26.
Bd8+ {[%clk 00:01:43]} {[%emt 00:00:50]} Kxd8 {[%clk 00:01:04]} {[%emt
00:00:18]} 27. Qc8+ {[%clk 00:01:46]} {[%emt 00:00:02]} Ke7 {[%clk 00:01:06]}
{[%emt 00:00:02]} 28. Rc7+ {[%clk 00:01:49]} {[%emt 00:00:01]} Qxc7 {[%clk
00:01:10]} {[%emt 00:00:02]} 29. Qxc7+ {[%clk 00:01:53]} {[%emt 00:00:02]} Kxe6
{[%clk 00:01:14]} 30. Bc4+ {[%clk 00:01:25]} {[%emt 00:00:32]} Kf6 {[%clk
00:01:14]} {[%emt 00:00:05]} 31. Qf7+ {[%clk 00:01:19]} {[%emt 00:00:11]} Kg5
{[%clk 00:01:18]} 32. Bd3 {[%clk 00:01:10]} {[%emt 00:00:14]} d5 {[%clk
00:00:46]} {[%emt 00:00:38]} 33. Qxd5 {[%clk 00:01:06]} {[%emt 00:00:08]} Bb4+
{[%clk 00:00:50]} {[%emt 00:00:01]} 34. Kf1 {[%clk 00:01:07]} {[%emt 00:00:04]}
Re8 {[%clk 00:00:24]} {[%emt 00:00:32]} 35. g3 {[%clk 00:01:05]} {[%emt
00:00:06]} Ng6 {[%clk 00:00:21]} {[%emt 00:00:08]} 36. gxf4+ {[%clk 00:01:06]}
{[%emt 00:00:05]} Kh6 {[%clk 00:00:17]} {[%emt 00:00:09]} 37. f5 {[%clk
00:00:44]} {[%emt 00:00:26]} Nf4 {[%clk 00:00:12]} {[%emt 00:00:10]} 38. Qc6+
{[%clk 00:00:43]} {[%emt 00:00:06]} g6 {[%clk 00:00:07]} {[%emt 00:00:11]} 39.
Qxe8 {[%clk 00:00:26]} {[%emt 00:00:22]} Nxd3 {[%emt 00:00:04]} 40. Rxg6+
{[%clk 00:00:20]} {[%emt 00:00:10]} Kh5 {[%clk 00:00:09]} {[%emt 00:00:04]} 41.
Rg3+ {[%clk 00:00:18]} {[%emt 00:00:07]} Kh4 {[%clk 00:00:12]} {[%emt
00:00:03]} 42. Rxd3 {[%clk 00:00:18]} {[%emt 00:00:05]} Rb1+ {[%clk 00:00:12]}
{[%emt 00:00:05]} 43. Kg2 {[%clk 00:00:21]} {[%emt 00:00:01]} Rb2 {[%clk
00:00:10]} {[%emt 00:00:08]} 44. Rh3+ {[%clk 00:00:21]} {[%emt 00:00:05]} Kg4
{[%clk 00:00:13]} {[%emt 00:00:01]} 45. Qxe5 {[%clk 00:00:17]} {[%emt
00:00:09]} Rxf2+ {[%clk 00:00:00]} {[%emt 00:00:13]} 1-0

[Event "World Youth & Cadets Rapid Championships"]
[Site "Rhodes, Greece"]
[Date "2022.05.01"]
[Round "9.17"]
[White "Balint, Peter"]
[Black "Shevchenko, Yaroslav"]
[Result "1-0"]
[TimeControl "10'/game & 5\"/move"]
[WhiteElo "1721"]
[BlackElo "1827"]

1. e4 {[%clk 00:10:08]} {[%emt 00:00:02]} c5 {[%clk 00:10:09]} {[%emt
00:00:02]} 2. Nf3 {[%clk 00:10:12]} e6 {[%clk 00:10:13]} {[%emt 00:00:01]} 3.
d4 {[%clk 00:10:15]} {[%emt 00:00:02]} cxd4 {[%clk 00:10:17]} 4. Nxd4 {[%clk
00:10:18]} {[%emt 00:00:01]} Nc6 {[%clk 00:10:21]} {[%emt 00:00:02]} 5. Nc3
{[%clk 00:10:22]} {[%emt 00:00:01]} Qc7 {[%clk 00:10:25]} 6. Be3 {[%clk
00:10:26]} {[%emt 00:00:02]} a6 {[%clk 00:10:29]} {[%emt 00:00:01]} 7. a3
{[%clk 00:10:30]} {[%emt 00:00:01]} Nf6 {[%clk 00:10:30]} {[%emt 00:00:03]} 8.
f4 {[%clk 00:10:17]} {[%emt 00:00:18]} d6 {[%clk 00:10:24]} {[%emt 00:00:11]} 9.
Qf3 {[%clk 00:10:17]} {[%emt 00:00:05]} Be7 {[%clk 00:10:18]} {[%emt 00:00:11]}
10. O-O-O {[%clk 00:10:14]} {[%emt 00:00:07]} h5 {[%clk 00:10:05]} {[%emt
00:00:18]} 11. h3 {[%clk 00:09:47]} {[%emt 00:00:33]} h4 {[%clk 00:09:49]}
{[%emt 00:00:21]} 12. Be2 {[%clk 00:08:55]} {[%emt 00:00:57]} Bd7 {[%clk
00:09:29]} {[%emt 00:00:24]} 13. Qf2 {[%clk 00:08:46]} {[%emt 00:00:15]} Na5
{[%clk 00:08:59]} {[%emt 00:00:35]} 14. Nxe6 {[%clk 00:08:00]} {[%emt
00:00:51]} Bxe6 {[%clk 00:08:29]} {[%emt 00:00:35]} 15. Bb6 {[%clk 00:08:02]}
{[%emt 00:00:03]} Qc6 {[%clk 00:08:14]} {[%emt 00:00:21]} 16. Bxa5 {[%clk
00:08:03]} {[%emt 00:00:04]} Nxe4 {[%clk 00:07:59]} {[%emt 00:00:19]} 17. Nxe4
{[%clk 00:07:52]} {[%emt 00:00:15]} Qxe4 {[%clk 00:08:01]} {[%emt 00:00:04]} 18.
Bd3 {[%clk 00:07:39]} {[%emt 00:00:18]} Qa4 {[%clk 00:07:44]} {[%emt 00:00:22]}
19. Bc3 {[%clk 00:07:24]} {[%emt 00:00:20]} O-O {[%clk 00:05:33]} {[%emt
00:02:16]} 20. Kb1 {[%clk 00:06:43]} {[%emt 00:00:47]} Rfc8 {[%clk 00:02:13]}
{[%emt 00:03:24]} 21. Qd4 {[%clk 00:06:20]} {[%emt 00:00:28]} Qxd4 {[%clk
00:02:14]} {[%emt 00:00:04]} 22. Bxd4 {[%clk 00:06:23]} Bd5 {[%clk 00:02:08]}
{[%emt 00:00:11]} 23. Rhg1 {[%clk 00:06:24]} {[%emt 00:00:04]} Bc4 {[%clk
00:01:51]} {[%emt 00:00:23]} 24. Be4 {[%clk 00:06:14]} {[%emt 00:00:15]} d5
{[%clk 00:01:33]} {[%emt 00:00:23]} 25. Bf5 {[%clk 00:06:10]} {[%emt 00:00:09]}
Rc6 {[%clk 00:01:32]} {[%emt 00:00:05]} 26. g3 {[%clk 00:05:46]} {[%emt
00:00:30]} hxg3 {[%clk 00:01:31]} {[%emt 00:00:05]} 27. Rxg3 {[%clk 00:05:50]}
{[%emt 00:00:02]} Bf6 {[%clk 00:01:35]} 28. b3 {[%clk 00:04:37]} {[%emt
00:01:17]} Be2 {[%clk 00:01:26]} {[%emt 00:00:15]} 29. Rd2 {[%clk 00:04:31]}
{[%emt 00:00:11]} Bxd4 {[%clk 00:01:25]} {[%emt 00:00:07]} 30. Rxd4 {[%clk
00:04:34]} {[%emt 00:00:01]} Rd8 {[%clk 00:01:27]} {[%emt 00:00:03]} 31. Re3
{[%clk 00:03:55]} {[%emt 00:00:44]} Rf6 {[%clk 00:00:58]} {[%emt 00:00:34]} 32.
Rxd5 {[%clk 00:03:53]} {[%emt 00:00:07]} Rf8 {[%clk 00:00:24]} {[%emt
00:00:39]} 33. Rxe2 {[%clk 00:03:55]} {[%emt 00:00:02]} g6 {[%clk 00:00:28]}
{[%emt 00:00:02]} 34. Bd3 {[%clk 00:03:48]} {[%emt 00:00:12]} Rxf4 {[%clk
00:00:32]} {[%emt 00:00:02]} 35. Rd7 {[%clk 00:03:52]} {[%emt 00:00:01]} b5
{[%clk 00:00:33]} {[%emt 00:00:03]} 36. Re3 {[%clk 00:03:48]} {[%emt 00:00:08]}
Kg7 {[%clk 00:00:33]} {[%emt 00:00:06]} 37. Ra7 {[%clk 00:03:51]} {[%emt
00:00:02]} Rf6 {[%clk 00:00:37]} 38. Kb2 {[%clk 00:03:54]} {[%emt 00:00:02]}
Rd8 {[%clk 00:00:38]} {[%emt 00:00:03]} 39. h4 {[%clk 00:03:55]} {[%emt
00:00:05]} Rd4 {[%clk 00:00:41]} {[%emt 00:00:02]} 40. Rh3 {[%clk 00:03:54]}
{[%emt 00:00:05]} Rd5 {[%clk 00:00:40]} {[%emt 00:00:06]} 41. Kc3 {[%clk
00:03:51]} {[%emt 00:00:09]} Rc6+ {[%clk 00:00:19]} {[%emt 00:00:26]} 42. Kb4
{[%clk 00:03:37]} {[%emt 00:00:19]} Rf6 {[%clk 00:00:23]} {[%emt 00:00:01]} 43.
a4 {[%clk 00:03:08]} {[%emt 00:00:35]} bxa4 {[%clk 00:00:23]} {[%emt 00:00:04]}
44. Kxa4 {[%clk 00:03:09]} {[%emt 00:00:04]} Rf4+ {[%clk 00:00:23]} {[%emt
00:00:04]} 45. b4 {[%clk 00:03:10]} {[%emt 00:00:05]} Rdd4 {[%clk 00:00:17]}
{[%emt 00:00:11]} 46. Rb7 {[%clk 00:02:54]} {[%emt 00:00:21]} Rf6 {[%clk
00:00:09]} {[%emt 00:00:12]} 47. Ra7 {[%clk 00:02:18]} {[%emt 00:00:41]} Rff4
{[%clk 00:00:13]} {[%emt 00:00:01]} 48. c3 {[%clk 00:02:23]} Rxh4 {[%clk
00:00:15]} {[%emt 00:00:02]} 49. Rxh4 {[%clk 00:02:24]} {[%emt 00:00:04]} Rxh4
{[%clk 00:00:19]} {[%emt 00:00:02]} 50. Rxa6 {[%clk 00:02:27]} g5 {[%clk
00:00:23]} {[%emt 00:00:01]} 51. Rd6 {[%clk 00:02:19]} {[%emt 00:00:14]} Rh3
{[%clk 00:00:17]} {[%emt 00:00:11]} 52. b5 {[%clk 00:01:58]} {[%emt 00:00:26]}
g4 {[%clk 00:00:19]} {[%emt 00:00:02]} 53. Rd4 {[%clk 00:02:01]} {[%emt
00:00:03]} g3 {[%clk 00:00:08]} {[%emt 00:00:16]} 54. Rg4+ {[%clk 00:01:52]}
{[%emt 00:00:14]} Kf6 {[%clk 00:00:13]} {[%emt 00:00:01]} 55. Bf1 {[%clk
00:01:27]} {[%emt 00:00:29]} Rh1 {[%clk 00:00:14]} {[%emt 00:00:03]} 56. Bg2
{[%clk 00:01:31]} {[%emt 00:00:02]} Rb1 {[%clk 00:00:14]} {[%emt 00:00:02]} 57.
Rxg3 {[%clk 00:01:32]} {[%emt 00:00:07]} Ke5 {[%clk 00:00:18]} 58. Rg4 {[%clk
00:01:34]} {[%emt 00:00:04]} Kd6 {[%clk 00:00:22]} {[%emt 00:00:01]} 59. Rb4
{[%clk 00:01:33]} {[%emt 00:00:06]} Ra1+ {[%clk 00:00:26]} {[%emt 00:00:02]} 60.
Kb3 {[%clk 00:01:37]} {[%emt 00:00:01]} Kc7 {[%clk 00:00:30]} 61. b6+ {[%clk
00:01:40]} {[%emt 00:00:02]} Kb8 {[%clk 00:00:31]} {[%emt 00:00:02]} 62. b7
{[%clk 00:01:34]} {[%emt 00:00:12]} f5 {[%clk 00:00:33]} {[%emt 00:00:03]} 63.
Rd4 {[%clk 00:01:35]} {[%emt 00:00:05]} 1-0